| 000 | 00383nam a22001457a 4500 | ||
|---|---|---|---|
| 003 | OSt | ||
| 008 | 240902b |||||||| |||| 00| 0 eng d | ||
| 020 | _a9780143425021 | ||
| 082 |
_a513.2076 _bTEM |
||
| 100 | _aTEKRIWAL , Gaurav | ||
| 245 | _aMaths Sutra : The art of Vedic Speed Calculation | ||
| 260 |
_aHaryana: _bPenguin Books, _c2015. |
||
| 300 | _axvi,310p. | ||
| 942 |
_2ddc _cBK |
||
| 999 |
_c12892 _d12892 |
||